Paroles - S-Crew - Encore - Statistiques

Statistiques générales
  • Ce quiz a été pris 41 fois
    24 depuis la dernière actualisation
  • Le résultat moyen est 387 sur 550
Statistiques - réponses
Paroles % Correct
en
100%
ma
100%
m'a
100%
plu
100%
plus
100%
Plus
100%
à
90%
a
90%
avec
90%
de
90%
du
90%
encore
90%
et
90%
Et
90%
J'ai
90%
j'ai
90%
je
90%
Je
90%
la
90%
La
90%
le
90%
les
90%
me
90%
mon
90%
ne
90%
par
90%
pas
90%
Quand
90%
quand
90%
Si
90%
si
90%
suis
90%
temps
90%
bien
80%
Ce
80%
ce
80%
dans
80%
Entre
80%
étoiles
80%
fais
80%
Fais
80%
J'me
80%
j'me
80%
Mes
80%
mes
80%
moi
80%
moi,
80%
monde
80%
nuit
80%
on
80%
ou
80%
pris
80%
pu
80%
que
80%
qui
80%
seul
80%
sous
80%
tombe,
80%
vérité
80%
vers
80%
aussi
70%
bombe
70%
bon,
70%
bon
70%
C'est
70%
c'est
70%
coeur
70%
cœur
70%
croyais
70%
devenu
70%
d'un
70%
d'une
70%
est
70%
faire
70%
fait
70%
fond,
70%
guéri,
70%
guéri
70%
il
70%
j'aime
70%
j'suis
70%
l'effet
70%
l'un
70%
lune
70%
mais
70%
mal
70%
mal,
70%
moi-même
70%
moi-même,
70%
noyade,
70%
or
70%
pleine
70%
pour
70%
qu'on
70%
reviens
70%
sais,
70%
sais
70%
sombre
70%
son
70%
son,
70%
tant
70%
tenu
70%
tête
70%
tieks
70%
touché
70%
tout
70%
tu
70%
va
70%
Attachés
60%
cède
60%
chérie,
60%
chérie
60%
conversations
60%
c'que
60%
démons
60%
démons,
60%
devant
60%
dièses,
60%
d'parler
60%
faite
60%
faut
60%
fini,
60%
Ils
60%
jamais
60%
j'ignore
60%
j'regarde
60%
j'retourne
60%
l'autre
60%
l'autre,
60%
l'image
60%
loin
60%
m'aime
60%
mec
60%
menteurs,
60%
meuf
60%
mif'
60%
noir
60%
ouais,
60%
Ouais,
60%
pardonne-moi
60%
pars
60%
pensées
60%
reviennent,
60%
soir
60%
t'as
60%
tentation
60%
tourne
60%
tournes
60%
traitres
60%
un
60%
vent,
60%
vesqui
60%
vos
60%
bre-som
50%
connaissent
50%
côté
50%
d'avancer,
50%
depuis
50%
Des
50%
des
50%
efforts
50%
envie
50%
fort
50%
gênes
50%
l'impression
50%
mêlée,
50%
m'enferme
50%
mois
50%
pousse
50%
prends
50%
quelques
50%
sombres
50%
tous
50%
vieux
50%
besoin
40%
chemin,
40%
elle
40%
fallait
40%
fois
40%
fois,
40%
gâché
40%
j'peux
40%
J'sais
40%
meufs,
40%
miens
40%
mort
40%
padre
40%
part
40%
partis
40%
passé
40%
potentiel
40%
sale
40%
sont
40%
vainqueur
40%
verre,
40%
années
30%
aux
30%
battre
30%
cette
30%
ceux
30%
changerai
30%
décuvait
30%
dépasser
30%
dis
30%
d'me
30%
donné
30%
d'revivre
30%
Face
30%
gâcher
30%
gamin,
30%
gardav
30%
hess
30%
J'avais
30%
jeu,
30%
j'fais
30%
jouer
30%
j'ouvre
30%
j'regrette,
30%
J'repense
30%
laissé
30%
l'arène,
30%
matin,
30%
rappeler
30%
regardent
30%
sacré
30%
Toujours
30%
toujours
30%
verra
30%
veux
30%
yeux,
30%
dalle
20%
d'être
20%
d'rapper
20%
folles
20%
forgé
20%
gars,
20%
J'étais
20%
L'ennui
20%
l'rrain-t",
20%
merci
20%
m'le
20%
peur,
20%
ressasser
20%
sensé,
20%
sur
20%
tigre,
20%
Aucun quiz correspondant
Distribution des résultats
% des personnes avec chaque résultat
Percentile par nombre de réponses
Votre historique - résultats
Vous n’avez pas pris ce quiz depuis la dernière actualisation